No procede la ineficacia por acción pauliana si el crédito no está determinado ni cuantificado (Registro nro. 22585)

000 -Cabecera
Campo de control interno 01679nam a2200229 4500
001 - Número de control
control field ESSALUD
005 - Fecha y hora de la última transacción
Campo de control 20260701102246.0
007 - Tipo material - Descripcion fisica - info general
Tipo material - Descripcion fisica - info general ta
008 - Elementos de Longitud Fija - Información General
Elementos de Longitud Fija - Información t pe ||||| |||| 00| 0 spa d
040 ## - Origen de la Catalogación
Origen de la Catalogación BMG
041 ## - Idioma
Idioma spa
100 ## - Autor
Autor Corte Suprema de Justicia de la República. Sala Civil Permanente
Rol del Autor Autor
9 (RLIN) 53005
245 ## - Titulo
Titulo No procede la ineficacia por acción pauliana si el crédito no está determinado ni cuantificado
300 ## - Páginas
Paginación páginas 59-75
520 ## - Resumen
Resumen La ineficacia por acción pauliana tiene por finalidad asegurar un crédito determinado y también cuantificado, pues, para determinar la fundabilidad de la pretensión, sería necesario establecer el monto que se buscaría asegurar con la finalidad de determinar si efectivamente el deudor habría disminuido su patrimonio de tal manera que imposibilite o dificulte el cobro del crédito. En el presente caso, la demandante ha comprado bienes futuros, cuestionando que la empresa demandada no haya cumplido con las obligaciones pactadas en la minuta de compraventa, las cuales están referidas a obligaciones de dar y hacer; sin embargo, estas obligaciones no están cuantificadas en términos económicos, respecto a la cual se pretenda garantizar la obligación con la acción pauliana. En ese sentido, la infracción alegada deviene en infundada.
650 ## - Temas - Descriptores
Temas - Descriptores CONTRATOS HIPOTECARIOS
9 (RLIN) 52992
650 ## - Temas - Descriptores
Temas - Descriptores CRÉDITOS HIPOTECARIOS
9 (RLIN) 53031
650 ## - Temas - Descriptores
Temas - Descriptores ACCIÓN PAULINA
9 (RLIN) 53032
650 ## - Temas - Descriptores
Temas - Descriptores PROTECCIÓN DEL CRÉDITO
9 (RLIN) 52993
773 0# - Revista (Relacion con el numero)
Host Biblionumber 22573
Host Itemnumber 22620
Ciudad, Editorial Lima Grupo Praxis Formación Profesional, 2026-
Codigo barras item/ejemplar PRA001
Titulo de la Revista Praxis Civil & Procesal Civil
Número de control de registro ESSALUD
ISSN 3119-7671
942 ## - Elementos de Koha
Tipo de Documento Artículos
Fecha procesamiento 2026-06-30
Catalogador sqb

No hay ítems disponibles.